UBT Library

Personal finance : (Record no. 1273)

000 -LEADER
fixed length control field 00535nam a22002057a 4500
008 - FIXED-LENGTH DATA ELEMENTS--GENERAL INFORMATION
fixed length control field 151013b xxu||||| |||| 00| 0 eng d
020 ## - INTERNATIONAL STANDARD BOOK NUMBER
International Standard Book Number 9780136070627
020 ## - INTERNATIONAL STANDARD BOOK NUMBER
International Standard Book Number 0136070620
041 0# - LANGUAGE CODE
Language code of text/sound track or separate title eng
080 ## - UNIVERSAL DECIMAL CLASSIFICATION NUMBER
Universal Decimal Classification number 336
100 1# - Rafti
Rafti Keown, Arthur J.
245 10 - TITLE STATEMENT
Title Personal finance :
Statement of responsibility, etc Arthur J. Keown.
250 ## -
-- 5th ed.
260 ## -
-- Boston :
-- Pearson,
-- 2010.
300 ## -
-- xxviii, 626 f. :
-- me il.;
-- 28 cm.
650 #0 -
-- Financa
650 #0 -
-- Personale
650 #0 -
-- Investimet
942 ## - ADDED ENTRY ELEMENTS (KOHA)
Source of classification or shelving scheme
Item type Books
Holdings
Withdrawn status Lost status Source of classification or shelving scheme Damaged status Not for loan Collection code Permanent location Current location Shelving location Date acquired Total Checkouts Full call number Barcode Date last seen Price effective from Koha item type
          Koleksioni i përgjithshem UBT - Lipjan UBT - Lipjan Koleksioni i përgjithshem 10/13/2015   336 KEO 002-008311 10/13/2015 10/13/2015 Books
          Koleksioni i përgjithshem UBT - Lipjan UBT - Lipjan Koleksioni i përgjithshem 10/27/2017   336 KEO 002-2934396 10/27/2017 10/27/2017 Books
UBT Library © 2015-2024. All rights reserved University Education for Business and Technology